| 000 | 00398nam a2200133 4500 | ||
|---|---|---|---|
| 999 |
_c7952 _d7952 |
||
| 020 | _a0256270538 | ||
| 050 |
_aHD62.4 _b.H55 |
||
| 100 |
_aHill, Charles W. L _aHult, G. Tomas M. |
||
| 245 |
_aInternational business : _bcompeting in the global marketplace _cby Charles W L Hill |
||
| 260 |
_aBoston _bIrwin/McGraw-Hill _c1999 |
||
| 300 | _aXX, 630 | ||
| 650 | _aInternationales Management | ||
| 942 | _cBK | ||